Statistiche per Paesi più Grandi di 1.500.000 di Km2

Clicka qui per fare il quiz!

Statistiche generali

  • Questo quiz è stato fatto 28 volte
  • Il punteggio medio è 17 su 18

Statistiche sulle risposte

SuperficiePaese% Corretto
2,381,741Algeria
100%
2,149,690Arabia Saudita
100%
7,741,220Australia
100%
8,514,877Brasile
100%
9,984,670Canada
100%
9,596,961Cina
100%
2,724,900Kazakistan
100%
2,344,858Rep. Dem. del Congo
100%
17,098,242Russia
100%
9,826,675Stati Uniti
100%
2,780,400Argentina
90%
3,287,263India
90%
1,904,569Indonesia
90%
1,648,195Iran
90%
1,964,375Messico
90%
1,564,116Mongolia
90%
1,861,484Sudan
70%
1,759,540Libia
60%

Distribuzione punteggi

Percentile per numero di risposta

Percentuale di utenti per punteggio

I tuoi punteggi nel tempo

Non hai fatto questo quiz